Score 0/34 Timer 03:00
0 Plays Today
Movie Title % Correct
Saving ___ RyanPrivate
98%
The Last ___ of ScotlandKing
95.2%
Little ___ SunshineMiss
94.9%
___ Smith Goes to WashingtonMr.
94.2%
The ___ of the Rings: The Two TowersLord
94%
The Nutty ___Professor
92.8%
___ DoubtfireMrs.
91.4%
Robin Hood: ___ of ThievesPrince
91.1%
My Fair ___Lady
90%
The ___ of Monte CristoCount
80%
___ ActSister
78.4%
The ___ BridePrincess
75.5%
___ ZhivagoDoctor
74.5%
___ Cody BanksAgent
67.6%
A ___'s TaleKnight
66%
The Adventures of Priscilla, ___ of the DesertQueen
64.9%
An ___ and a GentlemanOfficer
61.6%
Movie Title % Correct
Master and ___: The Far Side of the WorldCommander
58.7%
All the ___'s MenPresident
52.7%
To ___, With LoveSir
46.6%
___ DreddJudge
45.8%
U.S. ___sMarshal
43.1%
The ___'s DaughterGeneral
36.2%
___ Corelli's MandolinCaptain
34%
The Adventures of ___ MunchausenBaron
26.9%
The French ___'s WomanLieutenant
26.1%
The ___Duchess
15.5%
___ YorkSergeant
13.5%
The ___ Saint
12.2%
The Last ___Emperor
11.4%
___ DundeeMajor
8.9%
The ___'s WifeBishop
7.7%
The ___ Must DiePope
6.4%
The ___ Was IndiscreetSenator
4.2%

Today's Daily Dose

Missing Word
Marvin Gaye Songs

Quick Pick
Movies of 2019

Get the Picture
Chinese Cities

You're not logged in!

Compare scores with friends on all Sporcle quizzes.
OR
Log In

Sporcle TV

Today on Sporcle TV


Watch our educational content, quiz creation guides, and fun videos on Sporcle TV.

Show Comments

Extras

Top Quizzes Today


Score Distribution

Your Account Isn't Verified!

In order to create a playlist on Sporcle, you need to verify the email address you used during registration. Go to your Sporcle Settings to finish the process.

Report this User

Report this user for behavior that violates our Community Guidelines.

Details: